INTERNATIONAL JOURNAL OF MECHANICS AND SOLID (Record no. 20249)

MARC details
000 -LEADER
fixed length control field 00240nam a22000977a 4500
003 - CONTROL NUMBER IDENTIFIER
control field SGT
245 ## - TITLE STATEMENT
Title INTERNATIONAL JOURNAL OF MECHANICS AND SOLID
260 ## - PUBLICATION, DISTRIBUTION, ETC. (IMPRINT)
Place of publication, distribution, etc DELHI
Name of publisher, distributor, etc RIP RESEARCH INDIA PUBLICATIONS
Year of Publication 2013
300 ## - PAGE DESCRIPTION
No. of Pages 167
942 ## - ADDED ENTRY ELEMENTS (KOHA)
Source of classification or shelving scheme Dewey Decimal Classification
Koha item type Back Volumes
Holdings
Withdrawn status Lost status Source of classification or shelving scheme Damaged status Not for loan Collection code Home library Current library Shelving location Date acquired Volume Information (Serial or Books or Non-Book Material) Total Checkouts Accession No. (Barcode) Date last seen Bill Date Koha item type
    Dewey Decimal Classification     ENGINEERING SGT Engineering Library SGT Engineering Library On Display 11/07/2020 8   FEP134 11/07/2020 11/07/2020 Back Volumes